00856nam a22002057a 450000500170000001000150001702000260003203500140005803700090007208200160008124500980009725000060019526000360020127001520023730000200038970000340040994200270044399900190047095201610048920260410112104.0 aENG-148191 c500.00a9789348685001 aEN-131723 bDBAD a294.095421 aSacred and Secular:bIndia's Religious Dynamics/cEdited By Arnald Mahesh [and] Joseph Souza  a1 bATC PublishersaBengaluruc2025 aSt's Mary Block, Archdiocesan,Pastoral Center,#5, Nandidurga Road,Benson TownbBengalurue560046k+918025491999k7090100444minfo@atcpublishers.com a369p.c21cm(pb) aSouza, Joseph eEditor988852 2ddccENh294.0954mSAC c215845d215845 001040718NFICaDBADbDBADd2026-04-10eDelivery of Books Act Divisiong500.00l0o294.0954 SACpEN-131723r2026-04-10 11:21:32t1v500.00w2026-04-10yEN